Riešenie aktuálnych otázok ochrany pred povodňami v Slovenskej a Maďarskej republike: Praktická príručka zvládania povodňových situácií /
Enregistré dans:
| Auteurs principaux: | , |
|---|---|
| Format: | Livre |
| Langue: | slovaque hongrois |
| Publié: |
Miskolc:
Miskolci Egyetem,
2013
|
| Sujets: | |
| Tags: |
Pas de tags, Soyez le premier à ajouter un tag!
|
MARC
| LEADER | 00000nam a22000003a 4500 | ||
|---|---|---|---|
| 001 | 0099144 | ||
| 003 | SK-STU | ||
| 005 | 20221214090808.8 | ||
| 007 | ta | ||
| 008 | 221214s ----xo-----e------000-0-----d | ||
| 020 | |a 978-963-358-038-7 | ||
| 040 | |a STU |b slo | ||
| 041 | 0 | |a slo |a hun |h hun | |
| 044 | |a xo | ||
| 100 | 1 | |a László, Lénárt |4 aut | |
| 245 | 1 | 0 | |a Riešenie aktuálnych otázok ochrany pred povodňami v Slovenskej a Maďarskej republike: |b Praktická príručka zvládania povodňových situácií / |c aut. Lénárt László, Martina Zeleňáková |
| 246 | 3 | 1 | |a Segédlet a szlovák magyar árvízvédelem aktuális kérdéseihez: |b Gyakorlati tanácsok helyi vízkárok rendezéséhez |
| 260 | |a Miskolc: |b Miskolci Egyetem, |c 2013 | ||
| 300 | |a 236 s. | ||
| 650 | 0 | 7 | |a povodne |
| 650 | 0 | 7 | |a povodňové mapovanie |
| 650 | 0 | 7 | |a povodňová aktivita |
| 650 | 0 | 7 | |a ochrana |
| 700 | 1 | |a Zeleňáková, Martina |4 aut | |
| 996 | |c V* 53468/O-24628 |l VV6 |s P |a 0 |w 0099144_0001 | ||